• 首页
  • 本馆介绍
  • 公告通知
  • 最新文献
  • 馆藏检索
  • 电子资源
  • 读者导购
  • 参考咨询
  • 我的图书馆
  • 登录
  • 详细信息显示
  • 放入我的书架
  • 预约/预借图书
  • 作者相关作品
  • 分类相关作品
  • 丛书相关作品
  • 出版社相关作品

书目信息

  • 表格格式
  • 工作单格式
  • 卡片格式
题名:
未来智能银行
    
 
作者: 张晓朴 , 姚勇 著
分册:  
出版信息: 北京   中信出版社  2018
页数: 330页
开本: 23cm
丛书名: 新金融书系
单 册:
中图分类: F830.33-39 , F830.33
科图分类:
主题词: 智能技术--Zhi Neng Ji Shu--应用--商业银行--商业服务
电子资源:
ISBN: 978-7-5086-8755-1
000 01276nam 2200313 450
001 1965651839
005 20180911150013.7
010    @a978-7-5086-8755-1@dCNY 68.00
099    @aCAL 012018109593
100    @a20180613d2018 em y0chiy50 ea
101 0  @achi
102    @aCN@b110000
105    @ay a 000yy
200 1  @a未来智能银行@AWei Lai Zhi Neng Yin Hang@e金融科技与银行新生态@f张晓朴, 姚勇等著
210    @a北京@c中信出版社@d2018
215    @a330页@d23cm
225 2  @a新金融书系@AXin Jin Rong Shu Xi
320    @a有书目 (第279-280页)
330    @a本书以新技术、新服务模式和新用户体验为出发点,试图从技术驱动、远程账户、经营模式、风险管理、新监管及未来方向等方面来抓住互联网银行发展的关键性问题。当前的互联网银行只是未来银行的现在进行时,正处快速动态发展之中,对未来银行理论的研究应持开放态度,主动拥抱扑面而来的技术变革与商业模式的创新变化。
333    @a金融业、银行业从业者、研究人员
410  0 @12001 @a新金融书系
517 1  @a金融科技与银行新生态@AJin Rong Ke Ji Yu Yin Hang Xin Sheng Tai
606 0  @a智能技术@AZhi Neng Ji Shu@x应用@x商业银行@x商业服务
690    @aF830.33-39@v5
690    @aF830.33@v4
701  0 @a张晓朴@AZhang Xiao Piao@4著
701  0 @a姚勇@AYao Yong@4著
801  0 @aCN@bSEU@c20180907
905    @aBZT@dF830.33@e14
    
    未来智能银行:金融科技与银行新生态/张晓朴, 姚勇等著.-北京:中信出版社,2018
    330页;23cm.-(新金融书系)
    使用对象:金融业、银行业从业者、研究人员
    
    ISBN 978-7-5086-8755-1:CNY 68.00
    本书以新技术、新服务模式和新用户体验为出发点,试图从技术驱动、远程账户、经营模式、风险管理、新监管及未来方向等方面来抓住互联网银行发展的关键性问题。当前的互联网银行只是未来银行的现在进行时,正处快速动态发展之中,对未来银行理论的研究应持开放态度,主动拥抱扑面而来的技术变革与商业模式的创新变化。
●
相关链接 在五车中查询图书 在当当中查询图书 在豆瓣中查询图书


正题名:未来智能银行     索取号:F830.33/14         预约/预借

序号 登录号 条形码 馆藏地/架位号 状态 备注
1 869767   2000869767   第二书库/ [索取号:F830.33/14] 在馆    
2 869768   2000869768   第二书库/ [索取号:F830.33/14] 在馆    
3 869769   2000869769   第二书库/ [索取号:F830.33/14] 在馆    
山东省滨州职业学院图书馆 欢迎您!
大连网信软件有限公司© 版权所有